LEADER 01426nas 2200505-a 450 001 996336342303316 005 20210111030258.5 011 $a1179-5530 035 $a(DE-599)ZDB2651624-X 035 $a(OCoLC)704301858 035 $a(CKB)2550000000016461 035 $a(CONSER)--2011247754 035 $a(EXLCZ)992550000000016461 100 $a20091209a20119999 --- a 101 0 $aeng 135 $aur||||||||||| 181 $ctxt$2rdacontent 182 $cc$2rdamedia 183 $acr$2rdacarrier 200 00$aClinical medicine insights$iGeriatrics 210 $a[Auckland, N.Z.] $cLibertas Academica$d[2011]- 210 31$aThousand Oaks, CA :$cSAGE Publications 300 $aRefereed/Peer-reviewed 517 3 $aGeriatrics 531 $aCLINICAL MEDICINE INSIGHTS 531 $aENG 531 1 $aClin. med. insight, Geriatr. 606 $aGeriatrics$vPeriodicals 606 $aGeriatric Medicine$2ebps 606 $aGeriatrics$2fast$3(OCoLC)fst00941257 606 $aGeriatrics 608 $aFulltext. 608 $aInternet Resources. 608 $aPeriodicals. 608 $aPeriodicals.$2fast 608 $aPeriodical. 615 0$aGeriatrics 615 7$aGeriatric Medicine. 615 7$aGeriatrics. 615 2$aGeriatrics. 676 $a618.97005 906 $aJOURNAL 912 $a996336342303316 996 $aClinical medicine insights$91939883 997 $aUNISA LEADER 01231nam 2200373Ia 450 001 9910697647803321 005 20090127081122.0 035 $a(CKB)5470000002390485 035 $a(OCoLC)299738756 035 $a(EXLCZ)995470000002390485 100 $a20090127d2007 ua 0 101 0 $aeng 135 $aurmn||||||||| 181 $ctxt$2rdacontent 182 $cc$2rdamedia 183 $acr$2rdacarrier 200 00$aGenetic testing$b[electronic resource] $ewhat it means for your health & for your family's health 210 1$a[Bethesda, Md.] :$c[National Institutes of Health, National Human Genome Research Institute],$d[2007] 215 $a6 pages $cdigital, PDF file 225 1 $aNIH publication ;$vno. 07-6283 300 $aTitle from title screen (viewed on Jan. 26, 2009). 300 $a"August 2007." 517 $aGenetic testing 606 $aGene expression$xTesting 606 $aGenetic screening$vPopular works 615 0$aGene expression$xTesting. 615 0$aGenetic screening 712 02$aNational Human Genome Research Institute (U.S.) 801 0$bGPO 801 1$bGPO 906 $aBOOK 912 $a9910697647803321 996 $aGenetic testing$93515581 997 $aUNINA LEADER 01113nam0 22002651i 450 001 UON00090735 005 20231205102509.105 100 $a20020107d1956 |0itac50 ba 101 $aita 102 $aIT 105 $a|||| ||||| 200 1 $aFrom Alexander to Constantine$ePassages and documents illustrating, the history of social and political ideas$ftransl. with introd. notes and essays by Ernest Barker 210 $aOxford$cClarendon Press$d1956 xxiv,505 p. ; 25 cm 606 $aSTORIOGRAFIA GRECA$xANTOLOGIA$3UONC027557$2FI 620 $aGB$dOxford$3UONL000029 676 $a907$cRicerca storica$v21 686 $aA2$cSTORIA DELLA STORIOGRAFIA$2A 702 1$aBARKER$bErnest$3UONV058091 712 $aClarendon Press$3UONV246509$4650 801 $aIT$bSOL$c20240220$gRICA 899 $aSIBA - SISTEMA BIBLIOTECARIO DI ATENEO$2UONSI 912 $aUON00090735 950 $aSIBA - SISTEMA BIBLIOTECARIO DI ATENEO$dSI A 2 050 $eSI MR 51690 5 996 $aFrom Alexander to Constantine$91304543 997 $aUNIOR